| 000 | 01263nam a2200337 a 4500 | ||
|---|---|---|---|
| 001 | 000108563 | ||
| 003 | CHAP | ||
| 005 | 20220329144017.0 | ||
| 008 | 140224s2012 mx a |sm |||||||spa|d | ||
| 010 | _a105025 | ||
| 011 | _a105997 | ||
| 040 | _cCHAP | ||
| 090 | _aTesis | ||
| 100 | 1 |
_aHernández Ortega, Adrián _9125592 |
|
| 245 | 1 | 0 |
_aEvaluación de la calidad de plántulas de jitomate (Lycopersicon esculentum mill.) En base al tamaño de contenedor y a la cantidad de sustrato _h[En línea] _cpor Adrián Hernández Ortega. |
| 260 |
_aChapingo, Méx. : _bEl autor, _c2012. |
||
| 500 | _aPara ver el contenido del material haga clic en la liga | ||
| 502 | _aTesis (Ing. Agr. Esp. en Fitotecnia) -- UACH. Departamento de Fitotecnia | ||
| 590 |
_aBATCH-UPD _b05 _c20140324 _lUCH01 _h1535 |
||
| 590 |
_aBATCH-UPD _b05 _c20141002 _lUCH01 _h0856 |
||
| 590 |
_aE11695DGD _b10 _c20160504 _lUCH01 _h1207 |
||
| 590 |
_aE792CSJ _b05 _c20140224 _lUCH01 _h1447 |
||
| 590 |
_aE792CSJ _b05 _c20140224 _lUCH01 _h1448 |
||
| 650 | 1 | 4 |
_aContenedores. _927440 |
| 650 | 1 | 4 |
_aSustratos. _9110789 |
| 650 | 1 | 4 |
_aTomate _xPlántulas _xCalidad. _9125593 |
| 856 |
_aFinding aid _uhttp://10.13.5.2/tesis/sist108563.pdf _zTeclea aquí |
||
| 901 | _aBK | ||
| 942 | _cTESIS | ||
| 942 | _n0 | ||
| 999 |
_c105025 _d105025 |
||